[Event "Waitakere Trusts op 40th"]
[Site "Waitakere"]
[Date "2017.06.05"]
[Round "5"]
[White "Nagorski, Alex"]
[Black "Sarmiento, Noel"]
[Result "1-0"]
[WhiteElo "1815"]
[BlackElo "1859"]
[PlyCount "87"]
[EventDate "2017.06.03"]
[EventType "swiss"]
[EventRounds "6"]
[EventCountry "NZL"]
[SourceTitle "EXT 2018"]
[Source "ChessBase"]
[SourceDate "2017.10.13"]
[SourceVersion "1"]
[SourceVersionDate "2017.10.13"]
[SourceQuality "1"]

1. e4 g6 2. d4 Bg7 3. Nc3 d6 4. Nf3 Nd7 5. Be2 c5 6. Be3 cxd4 7. Bxd4 Ngf6 8. e5 dxe5 9. Nxe5 0-0 10. 0-0 Nxe5 11. Bxe5 Qa5 12. Qd4 Bf5 13. f4 Rac8 14. Rfc1 Rfd8 15. Qe3 Qc5 16. Kf2 Qxe3+ 17. Kxe3 Ng4+ 18. Bxg4 Bxg4 19. Bxg7 Kxg7 20. h3 Bd7 21. Rd1 Bc6 22. g3 Kf6 23. Rxd8 Rxd8 24. Rd1 Rxd1 25. Nxd1 e5 26. Nf2 exf4+ 27. Kxf4 g5+ 28. Ke3 h5 29. Ne4+ Bxe4 30. Kxe4 Ke6 31. g4 h4 32. c4 a5 33. b3 b6 34. a3 f6 35. b4 a4 36. c5 bxc5 37. bxc5 Kd7 38. Kf5 Kc6 39. Kxf6 Kxc5 40. Kxg5 Kc4 41. Kxh4 Kb3 42. g5 Kxa3 43. g6 Kb2 44. g7 1-0

[Event "Waitakere Trusts op 40th"]
[Site "Waitakere"]
[Date "2017.06.03"]
[Round "2"]
[White "Gong, Daniel Hanwen"]
[Black "Sarmiento, Noel"]
[Result "1-0"]
[WhiteElo "2299"]
[BlackElo "1859"]
[PlyCount "109"]
[EventDate "2017.06.03"]
[EventType "swiss"]
[EventRounds "6"]
[EventCountry "NZL"]
[SourceTitle "EXT 2018"]
[Source "ChessBase"]
[SourceDate "2017.10.13"]
[SourceVersion "1"]
[SourceVersionDate "2017.10.13"]
[SourceQuality "1"]

1. e4 g6 2. d4 Bg7 3. c4 d6 4. Nc3 Nf6 5. g3 0-0 6. Bg2 Nc6 7. Nge2 a6 8. 0-0 e5 9. d5 Nb8 10. f4 exf4 11. gxf4 Nbd7 12. Ng3 Nb6 13. Qd3 Bg4 14. h3 Bd7 15. Be3 Nc8 16. Rae1 Ne8 17. Bd4 Qh4 18. Bxg7 Nxg7 19. f5 f6 20. Nce2 Nh5 21. Nxh5 Qxh5 22. Nf4 Qh6 23. Re3 Ne7 24. Rg3 g5 25. Qc3 Kh8 26. Nd3 Rf7 27. c5 Bb5 28. b4 Raf8 29. Rff3 Ng8 30. Nc1 Rg7 31. Nb3 Qh5 32. Nd4 Bd7 33. Ne6 Bxe6 34. fxe6 h6 35. Rf5 Qg6 36. h4 Ne7 37. h5 Qe8 38. Rxf6 Rxf6 39. Qxf6 Ng8 40. Qf3 Qe7 41. Qc3 Kh7 42. e5 dxe5 43. Be4+ Kh8 44. Qxe5 Nf6 45. Bg6 g4 46. d6 cxd6 47. cxd6 Qd8 48. e7 Qb6+ 49. Qe3 Qxd6 50. e8Q+ Nxe8 51. Qxe8+ Rg8 52. Qe3 Rxg6 53. hxg6 Qxg6 54. Qd4+ Kh7 55. Qd3 1-0

[Event "Henderson Trusts op 39th"]
[Site "Henderson"]
[Date "2016.06.05"]
[Round "4"]
[White "Bennett, Hilton Petrie"]
[Black "Sarmiento, Noel"]
[Result "1-0"]
[WhiteElo "1967"]
[BlackElo "1862"]
[PlyCount "105"]
[EventDate "2016.06.04"]
[EventType "swiss"]
[EventRounds "6"]
[EventCountry "NZL"]
[SourceTitle "EXT 2018"]
[Source "ChessBase"]
[SourceDate "2017.10.13"]
[SourceVersion "1"]
[SourceVersionDate "2017.10.13"]
[SourceQuality "1"]

1. e4 g6 2. Nc3 Bg7 3. f4 d6 4. Nf3 Nf6 5. Bc4 Bg4 6. h3 Bxf3 7. Qxf3 Nbd7 8. d3 c6 9. 0-0 0-0 10. Be3 e6 11. Bb3 Qc7 12. Rae1 b5 13. a4 b4 14. Ne2 Rfe8 15. Ng3 Rf8 16. Qf2 d5 17. e5 Ne8 18. d4 Bh6 19. Ne2 Rc8 20. g4 c5 21. c3 bxc3 22. bxc3 cxd4 23. cxd4 Nb6 24. Qh4 Bg7 25. f5 Nc4 26. Bc1 Qb6 27. Bxc4 dxc4 28. f6 Qd8 29. Qf2 Bh8 30. Ba3 Nc7 31. Bxf8 Kxf8 32. Rc1 Nd5 33. Qf3 Kg8 34. g5 c3 35. Rc2 h5 36. Kh2 Qa5 37. Rfc1 Qxa4 38. Qe4 Qa5 39. Nf4 Nxf4 40. Qxf4 Rc4 41. Qe3 Qa4 42. Rxc3 Rxd4 43. Rc8+ Kh7 44. R8c7 Rd7 45. Rxd7 Qxd7 46. Ra1 Qc6 47. Rxa7 Qc2+ 48. Kg3 Kg8 49. Qf3 Bg7 50. fxg7 h4+ 51. Kxh4 Qf5 52. Qxf5 gxf5 53. g6 1-0

[Event "Henderson Trusts op 39th"]
[Site "Henderson"]
[Date "2016.06.05"]
[Round "3"]
[White "Sarmiento, Noel"]
[Black "Timergazi, Layla"]
[Result "1-0"]
[WhiteElo "1862"]
[BlackElo "1956"]
[PlyCount "79"]
[EventDate "2016.06.04"]
[EventType "swiss"]
[EventRounds "6"]
[EventCountry "NZL"]
[SourceTitle "EXT 2018"]
[Source "ChessBase"]
[SourceDate "2017.10.13"]
[SourceVersion "1"]
[SourceVersionDate "2017.10.13"]
[SourceQuality "1"]

1. c4 Nf6 2. Nc3 g6 3. g3 Bg7 4. Bg2 0-0 5. Nf3 d6 6. 0-0 e5 7. e4 Nc6 8. h3 Nd7 9. d3 Nc5 10. Nd5 a5 11. a3 a4 12. Bg5 f6 13. Be3 Nb3 14. Rb1 Bd7 15. Kh2 f5 16. exf5 gxf5 17. Bg5 Qc8 18. Ne7+ Nxe7 19. Bxe7 Re8 20. Bg5 e4 21. Ng1 d5 22. cxd5 Bb5 23. dxe4 Bxf1 24. Qxf1 fxe4 25. Qc4 Qf5 26. Be3 Kh8 27. Ne2 Nd2 28. Bxd2 e3 29. Bxe3 Qxb1 30. Bd4 Qg6 31. Nf4 Qf5 32. Ne6 Rxe6 33. dxe6 c6 34. h4 Re8 35. Bh3 Qd5 36. Bxg7+ Kxg7 37. Qg4+ Kh8 38. Qf4 Qh5 39. Qf6+ Kg8 40. e7 1-0